Entimuk and Kejuang (Record no. 124560)

MARC details
000 -LEADER
fixed length control field 00806nam a2200265 i 4500
001 - CONTROL NUMBER
control field C2-0324606
003 - CONTROL NUMBER IDENTIFIER
control field PPAK
005 - DATE AND TIME OF LATEST TRANSACTION
control field 20180728122938.0
008 - FIXED-LENGTH DATA ELEMENTS--GENERAL INFORMATION
fixed length control field 131215s2013 my a|||| ||||| | eng d
020 ## - INTERNATIONAL STANDARD BOOK NUMBER
International Standard Book Number 9789674301378
040 ## - CATALOGING SOURCE
Original cataloging agency PPAK
Language of cataloging eng
Transcribing agency PPAK
Description conventions rda
082 04 - DEWEY DECIMAL CLASSIFICATION NUMBER
Classification number 899.233
Edition number 23
090 00 - LOCALLY ASSIGNED LC-TYPE CALL NUMBER (OCLC); LOCAL CALL NUMBER (RLIN)
Classification number (OCLC) (R) ; Classification number, CALL (RLIN) (NR) 899.233
Feature heading ISA
Feature heading K
100 0# - MAIN ENTRY--PERSONAL NAME
Personal name Isabella Jali,
Relator term author
245 10 - TITLE STATEMENT
Title Entimuk and Kejuang
264 #1 - PRODUCTION, PUBLICATION, DISTRIBUTION, MANUFACTURE, AND COPYRIGHT NOTICE
Place of production, publication, distribution, manufacture Wangsa Maju, Kuala Lumpur :
Name of producer, publisher, distributor, manufacturer Institut Terjemahan & Buku Malaysia ,
Date of production, publication, distribution, manufacture, or copyright notice 2013
300 ## - PHYSICAL DESCRIPTION
Extent 16 pages :
Other physical details colour illustrations ;
Dimensions 23 cm
336 ## - CONTENT TYPE
Source rdacontent
Content type term text
337 ## - MEDIA TYPE
Source rdamedia
Media type term unmediated
338 ## - CARRIER TYPE
Source rdacarrier
Carrier type term volume
490 1# - SERIES STATEMENT
Series statement Fun through learning series
650 10 - SUBJECT ADDED ENTRY--TOPICAL TERM
Topical term or geographic name entry element Malay fiction - Translation into English.
830 #0 - SERIES ADDED ENTRY--UNIFORM TITLE
Uniform title Fun through learning series
942 ## - ADDED ENTRY ELEMENTS (KOHA)
-- dc
Koha item type Book
Holdings
Withdrawn Not for loan Current library Shelving location Date acquired Full call number Barcode Date last seen Koha item type Total Checkouts Date last checked out
    Perpustakaan Alor Setar Pinjaman Kanak-kanak 24/12/2013 K 899.233 ISA A01427008 09/05/2018 Book    
    Perpustakaan Alor Setar Pinjaman Kanak-kanak 24/12/2013 K 899.233 ISA A01427009 09/05/2018 Book    
    Perpustakaan Awam Sungai Petani Pinjaman Kanak-kanak 24/12/2013 K 899.233 ISA A01427010 15/10/2019 Book 4 28/09/2019
    Perpustakaan Baling Pinjaman Kanak-kanak 24/12/2013 K 899.233 ISA A01427016 13/06/2023 Book 2 22/05/2023
    Perpustakaan Bandar Baharu Pinjaman Kanak-kanak 24/12/2013 K 899.233 ISA A01427017 09/05/2018 Book    
    Perpustakaan Jitra Pinjaman Kanak-kanak 24/12/2013 K 899.233 ISA A01427011 09/05/2018 Book    
    Perpustakaan Kuala Nerang Pinjaman Kanak-kanak 24/12/2013 K 899.233 ISA A01427018 09/05/2018 Book    
    Perpustakaan Kulim Pinjaman Kanak-kanak 24/12/2013 K 899.233 ISA A01427013 29/06/2024 Book 4 22/06/2024
    Perpustakaan Langkawi Pinjaman Kanak-kanak 24/12/2013 K 899.233 ISA A01427012 09/05/2018 Book    
    Perpustakaan Merbok Pinjaman Kanak-kanak 24/12/2013 K 899.233 ISA A01427019 09/05/2018 Book    
    Perpustakaan Merbok Pinjaman Kanak-kanak 24/12/2013 K 899.233 ISA A01427020 09/05/2018 Book    
    Perpustakaan Sik Pinjaman Kanak-kanak 24/12/2013 K 899.233 ISA A01427015 09/05/2018 Book    
    Perpustakaan Yan Pinjaman Kanak-kanak 24/12/2013 K 899.233 ISA A01427014 20/03/2024 Book 1 04/03/2024